| 000 | 00820nmm a2200301 a 4500 | ||
|---|---|---|---|
| 003 | AR-BaBNM | ||
| 005 | 20251128211423.0 | ||
| 008 | 154020s2004 ||||||||||||||000 | spa|| | ||
| 020 | _a950-557-601-3 | ||
| 040 | _cAR-BaBNM | ||
| 100 | 1 |
_aCraveri, Benedetta _d1942... |
|
| 245 | 1 | 0 | _aLa cultura de la conversación |
| 250 | _a2ª ed. | ||
| 260 |
_aBuenos Aires _bFondo de Cultura Económica _c2004 |
||
| 300 | 0 | _a610 p. | |
| 500 | 0 | _aContiene índice onomástico | |
| 504 | _aContiene referencias bibliográficas | ||
| 650 | 4 | _aHISTORIA MODERNA | |
| 650 | 4 | _aRETORICA | |
| 650 | 4 | _aMUJERES | |
| 650 | 4 | _aCOSTUMBRES Y TRADICIONES | |
| 650 | 4 | _aVIDA SOCIAL | |
| 653 | _aANALISIS DEL DISCURSO | ||
| 653 | _aESTUDIOS DE GENERO | ||
| 700 | 1 |
_aPalma, César _etraductor |
|
| 942 | _cBK | ||
| 998 | _cmartin | ||
| 999 |
_c19614 _d19614 |
||